000 00842nam a2200265Ia 4500
003 GCL
008 140319s9999 xx 000 0 ara d
040 _aGCL /
_cGCL
082 0 4 _a027.4953
_bى د
100 1 _aيوسف العش
245 1 0 _aدور الكتب العربية العامة وشبة العامة لبلاد العراق والشام ومصر فى العصر الوسيط /
_cيوسف العش
700 1 _aمحمد صباغ (مترجم)
700 1 _aنزار اباظة
260 _a[S.N] :
_bدار الفكر المعاصر ،
_c1991
300 _a438 ص
490 _a
650 0 4 _aمصر
650 0 4 _aتاريخ
650 0 4 _aالعراق
650 0 4 _aالشام
650 0 4 _aالعصور الوسطى
650 0 4 _aالمكتبات العامة
650 0 4 _aالمكتبات
942 _2ddc
_cBK
999 _c30704
_d30704